Iles sur une carte de la France - Statistiques

Statistiques générales
  • Ce quiz a été pris 1 307 fois
  • Le résultat moyen est 9 sur 25
Réponses sur la Carte
Les réponses sont colorées sur une échelle allant du rouge au vert en fonction du pourcentage des utilisateurs qui les ont devinées à leur premier essai. Vous pouvez retrouver ces pourcentages ci-dessous.
 
Statistiques - réponses
Réponse % Correct
Corse
89%
Ile de Ré
88%
Ile d'Oléron
81%
Ile de Noirmoutier
64%
Belle-Ile
59%
Ile d'Ouessant
54%
Ile d'Yeu
53%
Ile de Porquerolles
43%
Ile d'Aix
35%
Ile de Sein
35%
Ile de Groix
33%
Ile de Bréhat
31%
Ile de Batz
26%
Ile aux Moines
25%
Ile de Houat
23%
Ile de Molène
23%
Ile de Port-Cros
23%
Ile d'Hoëdic
22%
Ile du Levant
21%
Grande île de Chausey
17%
Ile de Pomègues
17%
Ile d'Arz
16%
Ile aux Oiseaux
15%
Ile Sainte-Marguerite
10%
Ile de Riou
4%
Aucun quiz correspondant
Distribution des résultats
% des personnes avec chaque résultat
Percentile par nombre de réponses
Votre historique - résultats
Vous n’avez pas pris ce quiz